Etiqueta de registo: 00000nam 2200025 450
001 2051748
003 http://id.bnportugal.gov.pt/bib/catbnp/2051748
200 1# $aNão quero brincar aos acidentes ...
210 #9 $aLisboa$cDirecção-Geral de Higiene e Segurança do Trabalho - Ministério do Trabalho,$d20--
215 ## $a1 cartaz $ccolor.$d42x28,5
317 ## $aColeção Madeira Luís$5PTBN: CT. 15825 V.
710 01 $aDirecção-Geral de Higiene e Segurança do Trabalho$31989738
711 01 $aPortugal.$bMinistério do Trabalho$31431425
801 #0 $aPT$bBN$gRPC
966 ## $lBN$mICONOG
966 ## $lBN$mICONOG$sCT. 15825 V.$x3